00619nam a2200169Ia 4500008004000000020001800040082001500058100002100073245004800094260003800142300000800180650004800188690002200236906001100258999001900269952016100288210210b1968 xxu||||| |||| 00| 0 eng d a0 333 09309 7 a820.9 DYSS aDYSON (A E), Ed. aShakespeare Hamlet: a casebook by John Jump aLondonbMacmillan Press Ltdc1968 a221 aShakespear Hamlet Critical Essays Case Book aEnglish Criticism a056066 c103760d103760 001040708EnglishaALbALcEnglish Literatured2021-02-17eSita Book House, Mangalore.g310.00l0o820.9 DYSSp056066r2021-02-17 00:00:00w2021-02-17yBK